00844nam a2200229Ii 450000100060000000300090000600800410001502000150005604000330007104100080010408200160011210000390012824500650016726400820023230000120031433600260032633700280035233800270038094000520040799900170045995201380047614279CO-ViMGA241108s9999||||xx |||||||||||||| ||und|| a9586830926 aCO-ViMGAbspaerdacCO-ViMGA0 aspa04a368.86 J17d1 aCarlos Ignacio Jaramillo J.94545710aDistorsión funcional del contrato de reaseguro tradicional 1aBogotá, Colombia : Fundación Cultural Javeriana de Artes Gráficas, 2005 avolumen atextbtxt2rdacontent aunmediatedbn2rdamedia avolumebnc2rdacarrier aidficha_siabuc: 13976. -- ficha_no_siabuc:14279 c39981d39981 001040708001aMEVIGERRbMEVIGERRcGENd2009-09-03o368.86 J17dpECA18936r2024-11-25 15:07:30tEj.1w2024-11-25yBKz13976 | 18448